[Event "Llinars del Valles op-B 4th"]
[Site "Llinars del Valles"]
[Date "2010.05.15"]
[Round "6"]
[White "Sanchez Canales, Pol"]
[Black "Casals Ruisanchez, Josep Maria"]
[Result "1-0"]
[WhiteElo "1602"]
[BlackElo "1823"]
[PlyCount "95"]
[EventDate "2010.04.10"]
[EventType "swiss"]
[EventRounds "7"]
[EventCountry "ESP"]
[SourceTitle "EXT 2012"]
[Source "ChessBase"]
[SourceDate "2011.11.24"]
[SourceVersion "1"]
[SourceVersionDate "2011.11.24"]
[SourceQuality "1"]

1. e4 e6 2. d4 d5 3. Nd2 Nf6 4. e5 Nfd7 5. c3 c5 6. Bd3 cxd4 7. cxd4 Nc6 8. Ne2 Qb6 9. Nf3 Be7 10. 0-0 f6 11. exf6 Nxf6 12. Re1 0-0 13. Nf4 Nb4 14. Bb1 Bd7 15. a3 Na6 16. Ng5 Nc7 17. Qe2 Qxd4 18. Ngxe6 Nxe6 19. Nxe6 Bxe6 20. Qxe6+ Rf7 21. Bg5 Ne4 22. Bxe4 dxe4 23. Bxe7 Re8 24. Bc5 Qxf2+ 25. Bxf2 Rxe6 26. Rad1 a6 27. Rd8+ Rf8 28. Rd7 Rf7 29. Red1 e3 30. Rxf7 Kxf7 31. Bg3 Rc6 32. Re1 Rc2 33. Be5 Rc8 34. Rxe3 Re8 35. Bd4 Rd8 36. Bc3 g6 37. Rf3+ Ke6 38. Rf6+ Ke7 39. Rb6 Rd7 40. Kf2 Kf7 41. Ke3 g5 42. Ke4 Re7+ 43. Kf5 Ke8 44. Kxg5 Re2 45. Rxb7 Rxg2+ 46. Kf5 Rxh2 47. Ke6 Re2+ 48. Be5 1-0

[Event "Barcelona Sants op-B 11th"]
[Site "Barcelona"]
[Date "2009.07.18"]
[Round "6"]
[White "Casals Ruisanchez, Josep Maria"]
[Black "Minos Constante, Pablo"]
[Result "0-1"]
[WhiteElo "1826"]
[BlackElo "1717"]
[PlyCount "62"]
[EventDate "2009.07.13"]
[EventType "swiss"]
[EventRounds "9"]
[EventCountry "ESP"]
[SourceTitle "EXT 2011"]
[Source "ChessBase"]
[SourceDate "2010.11.26"]
[SourceVersion "1"]
[SourceVersionDate "2010.11.26"]
[SourceQuality "1"]

1. d4 d5 2. c4 e6 3. Nc3 Nf6 4. Bg5 Be7 5. f3 c5 6. cxd5 exd5 7. e3 0-0 8. Nge2 Nbd7 9. dxc5 Qa5 10. Nd4 Nxc5 11. Be2 Ne6 12. Nxe6 Bxe6 13. 0-0 d4 14. exd4 Qxg5 15. f4 Qg6 16. Bf3 Bg4 17. d5 Bxf3 18. Rxf3 Bc5+ 19. Kh1 Ng4 20. Qd2 Rfe8 21. f5 Qh5 22. h3 Re3 23. Raf1 Rae8 24. Nd1 Rxf3 25. Rxf3 Qh4 26. Qd3 Bf2 27. Rxf2 Nxf2+ 28. Nxf2 Re1+ 29. Kh2 Qxf2 30. Qc4 Qg1+ 31. Kg3 Qe3+ 0-1